[Event "GER-ch Women 2020"]
[Site "Magdeburg"]
[Date "2020.08.20"]
[Round "7.9"]
[White "Schumann, Rabea"]
[Black "Brunner, Sophia"]
[Result "1/2-1/2"]
[WhiteElo "1871"]
[BlackElo "1881"]
[Annotator "NA RC"]
[PlyCount "124"]
[EventDate "2020.08.16"]
[EventType "swiss"]
[EventCountry "GER"]
[SourceTitle "playchess.com"]
[Source "ChessBase"]
[SourceQuality "1"]
[TimeControl "40/5400+30:1800+30"]

{[%evp 13,124,16,32767,25,32767,32767,32767,14,14,32767,32767,32767,32767,51,32767,32767,32767,32767,32767,32767,32767,32767,-45,-35,32767,32767,32767,32767,32767,32767,32767,32767,32767,32767,32767,32767,32767,7,32767,32767,118,32767,32767,32767,32767,32767,32767,32767,32767,0,32767,32767,0,-210,0,-115,-110,-97,-85,-110,-85,-86,-77,-116,-97,-97,-8,-359,-407,-356,-105,32767,-100,32767,-111,-138,32767,-187,-164,32767,32767,32767,32767,32767,-88,32767,32767,32767,32767,32767,32767,-66,32767,-39,-27,0,0,0,0,0,0,0,0,-14,-16,0,-23,-13,0,0,0,0,0]} 1. c4 {[%emt 0:00:00]} e5 {[%emt 0:04:25]} 2. g3 {[%emt 0:00:00]} Nc6 {[%emt 0:00:23]} 3. Bg2 {[%emt 0:00:02]} d6 {[%emt 0:01:28]} 4. Nc3 {[%emt 0:00:16]} Nge7 {[%emt 0:03:28]} 5. e3 {[%emt 0:01:31]} Be6 {[%emt 0:06:58]} 6. Nd5 {[%emt 0:04:33] A25: English Opening vs King's Indian with ...Nc6 but without early d3.} Qd7 {[%emt 0:02:54]} 7. a3 {[%emt 0:10:19] [#]} f6 $146 {[%emt 0:02:22]} ({Predecessor:} 7... Nd8 8. d4 c6 9. Nxe7 Bxe7 10. d5 cxd5 11. cxd5 Bg4 12. Qb3 f5 13. f3 Bh5 {1-0 (38) Valsecchi,A (2425)-Gomez Dieguez,D (2081) Bergamo 2012}) 8. Ne2 {[%emt 0:02:58]} Nd8 {[%emt 0:02:58]} 9. d4 {[%emt 0:06:21]} c6 {[%emt 0:10:42]} 10. Nxe7 {[%emt 0:00:43]} Bxe7 {[%emt 0:00:13]} 11. d5 {[%emt 0:01:02]} Bg4 {[%emt 0:03:02]} 12. O-O {[%emt 0:08:00]} c5 {[%emt 0:07:08]} 13. Qd3 {[%emt 0:06:50]} Nf7 {[%emt 0:06:40]} 14. f4 {[%emt 0:05:15]} O-O {[%emt 0:07:27]} 15. Nc3 {[%emt 0:11:43]} f5 {[%emt 0:09:12]} 16. e4 {[%emt 0:04:16]} exf4 {[%emt 0:04:09]} 17. gxf4 {[%emt 0:01:47]} fxe4 {[%emt 0:02:11]} 18. Bxe4 {[%emt 0:00:50]} g6 {[%emt 0:01:52]} 19. Be3 {[%emt 0:07:18]} Bf5 {[%emt 0:09:29]} 20. Bxf5 {[%emt 0:02:30]} Qxf5 {[%emt 0:00:04]} 21. Qxf5 {[%emt 0:09:15]} gxf5 {[%emt 0:00:06]} 22. Nb5 {[%emt 0:00:29]} Bf6 {[%emt 0:01:29]} 23. Rab1 {[%emt 0:01:37]} Rfc8 {[%emt 0:03:43]} 24. Bd2 {[%emt 0:05:04]} a6 {[%emt 0:00:32]} 25. Nc3 {[%emt 0:00:06]} Bxc3 {[%emt 0:04:45]} 26. Bxc3 {[%emt 0:00:10]} Nh6 {[%emt 0:00:22]} ({Black should try} 26... Re8 $14) 27. h3 {[%emt 0:00:16]} Kf7 {[%emt 0:00:10]} 28. Kf2 {[%emt 0:00:15]} Ng8 {[%emt 0:00:57]} 29. Rfe1 {[%emt 0:07:37]} Re8 {[%emt 0:00:12]} 30. b4 {[%emt 0:01:33]} Rxe1 {[%emt 0:01:59]} 31. Rxe1 {[%emt 0:01:10]} Rc8 {[%emt 0:01:44]} 32. b5 {[%emt 0:01:26]} axb5 {[%emt 0:02:09]} 33. cxb5 $2 {[%emt 0:00:05]} (33. Re6 $1 $11 {and White has nothing to worry.}) 33... Ra8 $2 {[%emt 0:00:08]} (33... Ne7 $19 34. Bb2 Nxd5) 34. Bb2 {[%emt 0:00:57] [#]} (34. Re6 $1 $11 {was the only way to keep the balance.}) 34... Ra5 $1 {[%emt 0:00:10]} 35. Re6 {[%emt 0:00:33]} Rxb5 {[%emt 0:00:07]} 36. Bc3 {[%emt 0:00:37]} Rb3 {[%emt 0:00:59]} 37. Bh8 {[%emt 0:00:24]} Rb6 {[%emt 0:01:01]} 38. Be5 {[%emt 0:00:16]} Ne7 {[%emt 0:00:37]} 39. Rf6+ {[%emt 0:00:37] [#]} Ke8 {[%emt 0:00:06]} (39... Kg8 $1 $17 40. Rxd6 Rxd6 41. Bxd6 Nxd5 42. Bxc5 Nxf4) 40. Rxd6 $2 {[%emt 0:00:43]} (40. Bxd6 $11 Nxd5 41. Rf8+ Kd7 42. Bxc5 Rb2+ 43. Kg3) 40... Rxd6 {[%emt 0:00:16]} 41. Bxd6 {[%emt 0:30:07]} Nxd5 $2 {[%emt 0:02:49]} (41... b6 $19 {has better winning chances.} 42. Ke3 Nxd5+ 43. Kd2 Kd7) 42. Bxc5 {[%emt 0:00:00]} Nxf4 {[%emt 0:01:54]} 43. Kg3 {[%emt 0:00:00]} Ne6 {[%emt 0:03:24]} 44. Be3 {[%emt 0:00:00]} Kf7 {[%emt 0:00:37]} 45. Bd2 {[%emt 0:00:00]} Kf6 {[%emt 0:01:49]} 46. Kf3 {[%emt 0:00:00]} Ng5+ {[%emt 0:07:48]} 47. Kg2 {[%emt 0:00:00]} Ne4 {[%emt 0:00:04]} 48. Bf4 {[%emt 0:00:00]} Ke6 {[%emt 0:01:45]} 49. a4 {[%emt 0:00:00]} Nc3 {[%emt 0:01:17]} 50. a5 {[%emt 0:00:00]} Nd5 {[%emt 0:00:08]} 51. Bd2 {[%emt 0:00:00]} Ke5 {[%emt 0:02:32]} 52. Kf3 {[%emt 0:00:00]} f4 {[%emt 0:07:29]} 53. Bc1 {[%emt 0:00:00]} Kf5 {[%emt 0:00:24]} 54. h4 {[%emt 0:00:00]} Ne3 {[%emt 0:04:13]} 55. Bxe3 {[%emt 0:01:45]} fxe3 {[%emt 0:00:05]} 56. Kxe3 {[%emt 0:00:06]} Ke5 {[%emt 0:00:08]} 57. Kf3 {[%emt 0:01:01]} Kf5 {[%emt 0:00:46]} 58. Kg3 {[%emt 0:03:14]} h6 {[%emt 0:00:21]} 59. Kf3 {[%emt 0:01:16]} h5 {[%emt 0:00:48]} 60. Ke3 {[%emt 0:00:36]} Ke5 {[%emt 0:00:28]} 61. Kf3 {[%emt 0:00:49]} Kf5 {[%emt 0:00:45]} 62. Ke3 {[%emt 0:00:05]} Ke5 $11 {[%emt 0:00:27]} 1/2-1/2

[Event "GER-ch Women 2020"]
[Site "Magdeburg"]
[Date "2020.08.20"]
[Round "7.10"]
[White "Von Herman, Brigitte"]
[Black "Hielscher, Ursula"]
[Result "1-0"]
[WhiteElo "2085"]
[BlackElo "1789"]
[Annotator "NA"]
[PlyCount "65"]
[EventDate "2020.08.16"]
[EventType "swiss"]
[EventCountry "GER"]
[SourceTitle "playchess.com"]
[Source "ChessBase"]
[SourceQuality "1"]
[TimeControl "40/5400+30:1800+30"]

1. e4 {[%emt 0:00:00]} e6 {[%emt 0:00:00]} 2. d4 {[%emt 0:00:00]} d5 {[%emt 0:00:00]} 3. Nc3 {[%emt 0:00:00]} Bb4 {[%emt 0:00:00]} 4. exd5 {[%emt 0:00:22]} exd5 {[%emt 0:00:00]} 5. Bd3 {[%emt 0:00:13]} Nc6 {[%emt 0:01:05]} 6. a3 {[%emt 0:00:16]} Bxc3+ {[%emt 0:00:09]} 7. bxc3 {[%emt 0:00:08]} Nge7 {[%emt 0:00:35]} 8. Qf3 {[%emt 0:00:46]} Be6 {[%emt 0:00:35]} 9. Ne2 {[%emt 0:01:47]} Qd7 {[%emt 0:00:45]} 10. O-O {[%emt 0:07:53]} O-O-O {[%emt 0:00:54]} 11. Nf4 {[%emt 0:05:48]} Bg4 {[%emt 0:04:09]} 12. Qg3 {[%emt 0:03:48]} g6 {[%emt 0:00:58]} 13. h3 {[%emt 0:02:44]} Bf5 {[%emt 0:01:45]} 14. Re1 {[%emt 0:05:19]} Bxd3 {[%emt 0:05:40]} 15. cxd3 {[%emt 0:01:17]} h5 {[%emt 0:03:19]} 16. a4 $17 {[%emt 0:04:38]} (16. Rb1 $11 {keeps the balance.}) 16... Rdg8 {[%emt 0:06:39]} 17. Qg5 {[%emt 0:07:38]} f6 {[%emt 0:12:38]} 18. Qxf6 {[%emt 0:05:50]} Rf8 {[%emt 0:00:17]} 19. Qe6 {[%emt 0:01:08]} g5 {[%emt 0:06:23]} 20. Qxd7+ {[%emt 0:00:43]} Kxd7 {[%emt 0:00:06]} 21. Ne6 {[%emt 0:03:16]} Rf6 {[%emt 0:03:39]} 22. Nxg5 {[%emt 0:01:28]} Rg8 {[%emt 0:01:40]} 23. Ra2 {[%emt 0:03:45]} Rfg6 {[%emt 0:07:50]} 24. h4 {[%emt 0:03:45]} Nf5 {[%emt 0:05:51]} 25. g3 {[%emt 0:00:39]} Nd8 {[%emt 0:00:34]} 26. Re5 {[%emt 0:03:58]} Nd6 {[%emt 0:02:48]} 27. Rxd5 {[%emt 0:01:50]} Re8 {[%emt 0:02:31]} 28. Re5 {[%emt 0:04:11]} Nc6 {[%emt 0:01:12]} 29. Rxe8 {[%emt 0:00:46]} Nxe8 {[%emt 0:00:18]} 30. Be3 {[%emt 0:02:17]} Na5 {[%emt 0:02:14]} 31. Kg2 {[%emt 0:07:07]} Nf6 {[%emt 0:04:26]} 32. Nf3 {[%emt 0:01:45]} Nd5 {[%emt 0:02:18]} 33. Ne5+ {[%emt 0:00:12]} 1-0

[Event "GER-ch Women 2020"]
[Site "Magdeburg"]
[Date "2020.08.20"]
[Round "7.11"]
[White "Roos, Karin"]
[Black "Kuehnel, Lena"]
[Result "0-1"]
[WhiteElo "1772"]
[BlackElo "1972"]
[Annotator "TA"]
[PlyCount "100"]
[EventDate "2020.08.16"]
[EventType "swiss"]
[EventCountry "GER"]
[SourceTitle "playchess.com"]
[Source "ChessBase"]
[SourceQuality "1"]

{[%evp 13,100,28,30,0,14,5,28,1,20,13,37,16,12,6,37,-50,-55,-44,-49,-49,-69,-52,-64,-108,-108,-109,-92,-110,-109,-108,-105,-131,-109,-140,-138,-148,-134,-181,-70,-95,-47,-150,-138,-140,-102,-121,-107,-168,-158,-237,-73,-74,-81,-75,-54,-93,-41,-96,-110,-143,-141,-316,-315,-346,-346,-345,-338,-339,-345,-328,-323,-298,-292,-279,-275,-282,-272,-420,-419,-441,-415,-487,-488,-563,-563,-691,-687,-631,-610]} 1. e4 e5 2. Nf3 Nc6 3. Bc4 Bc5 4. O-O Nf6 5. d3 d6 6. c3 a6 7. b4 {7.a4 is setting a new trend.} Ba7 8. Be3 {C54: Giuoco Piano: 4 c3 Nf6, main lines with 5 d4 and 5 d3.} O-O 9. Nbd2 Ne7 10. a4 {White has an edge.} Ng6 11. d4 {[#]} Qe7 $146 ({Predecessor:} 11... h6 12. Re1 Ng4 13. Nf1 Nxe3 14. Nxe3 exd4 15. Nxd4 Ne5 16. Bf1 Qh4 17. g3 Qxe4 {½-½ (58) Tarasov,M (2401)-Melnikov,D (2185) St Petersburg 2000}) 12. Qb3 h6 13. b5 exd4 (13... c6 {feels hotter.} 14. b6 Bb8 15. Bd3 Bd7 16. Qa3 Re8) 14. Bxd4 (14. cxd4 $14 Ng4 15. Qd3) 14... Bxd4 $15 ({Much worse is} 14... Nxe4 $6 15. Nxe4 Qxe4 16. bxa6 $14) 15. Nxd4 axb5 16. axb5 Rxa1 17. Rxa1 Nxe4 18. N2f3 Nc5 19. Qc2 {Black must now prevent Qxg6.} Ne5 20. Ba2 Nxf3+ 21. Nxf3 Re8 22. Qd2 Qf6 23. Bd5 Be6 24. Re1 Ra8 25. h3 {[#]} Ra3 (25... Bxd5 $1 $19 26. Qxd5 Qxc3) 26. Bxe6 fxe6 {[#]} 27. Nd4 (27. b6 $1 $15 {[%mdl 512]} cxb6 28. Qxd6) 27... e5 $17 28. Nc2 Ra8 29. Nb4 Qf7 30. Qe3 (30. f3 $17) 30... Qc4 $19 31. b6 (31. Qe2 $17 Qxe2 32. Rxe2) 31... cxb6 $2 (31... c6 $19 {and Black stays clearly on top. Strongly threatening ...Ra3.} 32. Rd1 Ne4) 32. Rd1 $17 Rd8 33. Nd5 Qb3 34. Qe2 Rd7 (34... Kh8 $17 35. c4 Ne6) 35. Qh5 (35. c4 $15) 35... Rf7 36. Qe2 {[#]} Ne4 $1 {[%mdl 512]} 37. Rd3 $2 {This move loses the game for White.} (37. f3 $17 Nxc3 38. Nxc3 Qxc3 39. Qa2) (37. Qxe4 Qxd1+) 37... Nxf2 $19 38. Ne7+ Rxe7 39. Qxf2 {[%mdl 4096] Endgame KQR-KQR} Qb1+ 40. Qf1 Qxf1+ 41. Kxf1 {KR-KR} Rd7 42. Ke2 Kf7 43. Rd5 Ke6 44. Rb5 Rc7 45. Rxb6 (45. Kd3 $142) 45... Kd5 46. Kd2 Kc5 47. Rb4 b5 {Black is clearly winning.} 48. Re4 Ra7 49. Rg4 g5 50. h4 Ra4 {Accuracy: White = 36%, Black = 77%.} 0-1

[Event "GER-ch Women 2020"]
[Site "Magdeburg"]
[Date "2020.08.21"]
[Round "8.1"]
[White "Osmanodja, Filiz"]
[Black "Voicu-Jagodzinsky, Carmen"]
[Result "0-1"]
[WhiteElo "2293"]
[BlackElo "2244"]
[Annotator "TA"]
[PlyCount "68"]
[EventDate "2020.08.16"]
[EventType "swiss"]
[EventCountry "GER"]
[SourceTitle "playchess.com"]
[Source "ChessBase"]
[SourceQuality "1"]

{[%evp 16,68,19,15,27,0,10,15,14,-14,0,0,0,0,0,-6,-6,-8,-2,-4,-6,-23,0,-352,-343,-374,-380,-421,-419,-406,-249,-227,-258,-389,-370,-651,-644,-641,-547,-537,-543,-666,-598,-776,-635,-1708,-1602,-2972,-2502,-1608,-1608,-1563,-1382,-2590,-2247]} 1. e4 e6 2. d4 d5 3. Nc3 Nf6 4. e5 Nfd7 5. f4 c5 6. Nf3 Nc6 7. Be3 a6 8. Qd2 b5 9. a3 Qa5 {C11: French: Classical System: 4 e5 and 4 Bg5 dxe4.} 10. Ra2 {Black should prevent dxc5.} Qb6 11. Ne2 a5 {[#] The position is equal.} 12. f5 $146 (12. c3 {is interesting.} Qb7 13. f5 exf5 14. Nf4 h6 15. dxc5 Nxc5 16. a4) ({Predecessor:} 12. c3 a4 13. f5 exf5 14. Nf4 Qb7 15. Bd3 c4 16. Bc2 b4 17. axb4 Nxb4 18. Rxa4 Nxc2+ 19. Qxc2 Rxa4 20. Qxa4 {1-0 (47) Spiegel,W (2415)-Guerrini,D (2186) ICCF email 2017}) 12... cxd4 13. Nexd4 {[%mdl 64] Double Attack} Bc5 14. Bxb5 Nxd4 15. Nxd4 exf5 16. Nxf5 Qxb5 17. Bxc5 $1 Qxc5 18. b4 $1 Qc7 19. O-O $2 {[%mdl 8192]} (19. Nxg7+ $11 {and White has nothing to worry.} Kf8 20. Ne6+ $1 {[%mdl 512]} fxe6 21. Qh6+ {[%mdl 64] Double Attack} Ke8 22. Qh5+ Ke7 23. Qg5+ Kf8 24. O-O+ Ke8 25. Qh5+ Kd8 26. Qg5+ Ke8 27. Qh5+ Kd8 28. Qg5+ Ke8) 19... O-O $19 (19... Nxe5 20. Nxg7+ Ke7 21. Qg5+ Kd6 22. Qf6+ Kd7 23. Re1 $11) 20. Qg5 {[%csl Gf5][%cal Rg5g7]} g6 21. Nh6+ {[#]} Kg7 $1 ({Stronger than} 21... Kh8 22. Nxf7+ Kg8 23. Nh6+ Kh8 24. Nf7+ Kg8 {[#]} 25. Qe7 $1 $11 {[%mdl 512]} (25. Nh6+ Kh8 $11)) 22. Ng4 Qd8 23. Qh6+ Kh8 {...axb4 is the strong threat.} 24. Rf3 (24. c3 $142 Ba6 25. Rf4) 24... f5 ({Resist} 24... Qb6+ 25. Kh1 $19) 25. Rh3 $2 (25. exf6 Nxf6 26. Ne5) 25... Qe7 {Black is clearly winning.} 26. Ne3 Bb7 27. e6 Ne5 28. c3 Ra6 29. Rd2 Rxe6 30. Nxd5 Bxd5 31. Rxd5 Ng4 {[%cal Re6e1]} 32. Qxh7+ Qxh7 33. Rxh7+ Kxh7 {[%cal Re6e1]} 34. Rd7+ Kh6 {White did not feel at home in the position after the opening. Accuracy: White = 46%, Black = 91%.} 0-1

[Event "GER-ch Women 2020"]
[Site "Magdeburg"]
[Date "2020.08.21"]
[Round "8.2"]
[White "Mehling, Katharina"]
[Black "Burchardt, Brigitte"]
[Result "1-0"]
[WhiteElo "1947"]
[BlackElo "2091"]
[Annotator "TA"]
[PlyCount "63"]
[EventDate "2020.08.16"]
[EventType "swiss"]
[EventCountry "GER"]
[SourceTitle "playchess.com"]
[Source "ChessBase"]
[SourceQuality "1"]

{[%evp 11,63,13,31,19,27,19,30,13,24,27,29,35,59,25,60,0,49,30,61,40,79,85,212,204,192,204,221,239,218,131,131,63,395,379,618,590,1137,1049,1831,1549,29988,29989,29989,29990,29993,29987,29987,29988,29988,29989,29985,29988,29990,29991]} 1. e4 c5 2. Nf3 d6 3. d4 cxd4 4. Nxd4 Nf6 5. Nc3 a6 6. Bg5 Nbd7 7. Qe2 {B94: Sicilian Najdorf: 6 Bg5 Nbd7.} h6 8. Bh4 g6 9. f4 {White has an edge.} e5 10. fxe5 dxe5 11. O-O-O Be7 12. Nf3 $36 {[%mdl 2048] Black is under pressure.} Qc7 $1 {[#]} 13. Rg1 $146 (13. g4 $14) ({Predecessor:} 13. Qc4 Qb8 14. Nd5 b5 15. Qc6 Nxd5 16. Rxd5 Qb7 17. Qc3 f6 18. Bf2 Nb6 19. Rd1 {½-½ (52) Hou,Y (2603)-Anand,V (2772) Wijk aan Zee 2013}) 13... O-O 14. g4 b5 15. g5 hxg5 16. Bxg5 b4 (16... Bb7 $16) 17. Nd5 $18 Nxd5 18. exd5 Bc5 19. Rg3 Re8 20. Nh4 {[#] aiming for Nxg6!} Nf8 21. Bg2 ({White should play} 21. Qe4 $16) 21... Ra7 $2 {[%mdl 8192]} (21... e4 $1 $14) 22. Be4 Qd6 $2 (22... a5 23. Bh6 Ra6) 23. Rf1 Qd7 {If only Black now had time for ...Qb5....} 24. Bf6 {Intending Qh5 and mate.} Qb5 25. Bd3 Qb6 26. Qh5 {[%csl Gf6][%cal Rh5h8] White mates.} Be3+ 27. Kb1 {[%csl Gf6][%cal Rh5h8]} Nh7 {[#]} 28. Rxg6+ $1 {[%mdl 576] Demolition} fxg6 29. Qxg6+ {[%mdl 64] Double Attack} Kf8 30. Bd8+ Bf4 31. Bxb6 Rg7 32. Bc5+ {[%mdl 64] Double Attack. Accuracy: White = 80%, Black = 44%.} 1-0

[Event "GER-ch Women 2020"]
[Site "Magdeburg"]
[Date "2020.08.21"]
[Round "8.3"]
[White "Vidonyak, Nellya"]
[Black "Just, Anita"]
[Result "0-1"]
[WhiteElo "2136"]
[BlackElo "1912"]
[Annotator "TA"]
[PlyCount "114"]
[EventDate "2020.08.16"]
[EventType "swiss"]
[EventCountry "GER"]
[SourceTitle "playchess.com"]
[Source "ChessBase"]
[SourceQuality "1"]

{[%evp 9,114,2,1,18,28,31,43,28,32,0,-7,-30,0,-25,0,0,0,0,15,10,22,9,25,0,0,0,9,0,0,0,0,-4,34,-9,-7,-16,-8,-37,4,7,16,0,3,-10,-8,-18,-14,-90,-96,-260,-254,-230,-232,-360,-353,-316,-315,-304,-302,-503,-499,-445,-479,-379,-327,-308,-54,-60,-17,-69,-79,-87,-13,-46,-8,-8,-8,-431,-430,-537,-546,-496,-444,-884,-996,-1064,-1695,-1072,-997,-1690,-1557,-29976,-29961,-29987,-1420,-1785,-1812,-1795,-1779,-1760,-1737,-1606,-1565,-11995,-1692,-12002,-12002]} 1. d4 e6 2. Nf3 f5 3. d5 Be7 4. Nc3 Nf6 5. g3 O-O 6. Bg2 {A80: Dutch Defence: Unusual White second moves.} Bb4 7. dxe6 {[#]} Bxc3+ $146 ({Predecessor:} 7... dxe6 8. Qxd8 Rxd8 9. Bd2 Nc6 10. Nb5 Bd6 11. O-O-O Ne4 12. Be3 a6 13. Nxd6 cxd6 {1-0 (73) Ivanov,M (2450)-Haubro,S (2185) Ballerup 2007}) 8. bxc3 {White is slightly better.} dxe6 9. Qd4 (9. Qd3 {is more complex.} Ne4 10. Nd2 Qxd3 11. exd3 Nxc3 12. Bb2) 9... Nc6 10. Qc4 Qd5 11. Qxd5 Nxd5 (11... exd5 {is interesting.} 12. Bf4 Ne4 13. Nd4 Nxc3 14. Nxc6 bxc6 15. Be5 Ne4) 12. Bd2 Bd7 13. O-O Rad8 14. c4 Nf6 15. Bf4 Rc8 16. Rab1 b6 17. Rfd1 h6 18. h4 Be8 19. Ne5 Nxe5 20. Bxe5 Ng4 (20... Ba4 $5 {[%cal Ra4c2]} 21. Rbc1 Nd7 $11) 21. Bf4 e5 22. Bd5+ Bf7 23. Bd2 c6 24. Bxf7+ Kxf7 25. Bc3 Ke6 26. c5 bxc5 27. Rb7 {[%mdl 64] Double Attack} Rfd8 $36 {[%mdl 2048] Black is pushing.} 28. Rxd8 (28. Re1 $11 {remains equal.}) 28... Rxd8 $17 29. Rxa7 $2 $11 {[%mdl 4096] Endgame [#] KRB-KRN} (29. Rxg7 $17 {was worth a try.} Rd1+ 30. Kg2) 29... Rd1+ $1 $19 30. Kg2 Rc1 31. a4 (31. Ra3 {was called for.}) 31... Rxc2 {[%mdl 64] Double Attack} 32. Be1 {White hopes to continue with f3.} Rxe2 33. Kf1 Ra2 34. a5 $2 (34. Rxg7 {might work better.} Rxa4 35. Rc7) 34... e4 35. Rxg7 e3 36. fxe3 Nxe3+ 37. Kg1 Nd5 $2 ({Black should play} 37... Rg2+ $19 38. Kh1 {[#]} f4 $1 {[%mdl 512]} 39. Rg6+ Kd5) 38. Rg6+ $15 Kd7 $1 {White must now prevent ...c4.} 39. Rxh6 (39. Rg7+ $1 $11 Kd6 40. Rg6+ Kc7 41. Rg7+ Kc8 42. Rg6) 39... c4 $1 {[%cal Rc4c3] ...c3 is the strong threat.} 40. Rh7+ Ke8 ({Better is} 40... Kd6 $17 {Strongly threatening ...c3.} 41. Rh6+ Kc5) 41. h5 c3 {[#]} 42. Bxc3 $1 {[%mdl 512]} Nxc3 $11 {KRN-KR} 43. Ra7 $2 {[%mdl 8192] Black keeps a firm grip on the game.} (43. Rg7 $11 {and White stays safe.}) 43... Ne2+ $19 {[%mdl 64] Double Attack} 44. Kg2 Nf4+ {[%mdl 64] Double Attack, Discovered Attack (Double check)} 45. Kf3 Nxh5 46. a6 (46. Rh7 $142 Ra3+ 47. Kg2 Ra2+ 48. Kf3 Ra3+ 49. Kg2 Ra2+ 50. Kf3) 46... Ra3+ 47. Kg2 Rxg3+ 48. Kf2 Ra3 49. Rh7 Nf6 50. Ra7 Ne4+ 51. Kf1 Nc5 (51... f4 $142 52. Ra8+ Ke7 53. Ra7+ Ke6 54. Rb7 f3 55. Rb1 Nd2+ {[%mdl 64] Double Attack} 56. Kf2 Nxb1 57. a7 Nd2 58. Ke1 Rxa7 59. Kf2 Rf7 60. Kg3 f2 61. Kh4 f1=Q 62. Kg5 Rg7+ 63. Kh6 Qf6+ 64. Kh5 Qg5#) 52. Ra8+ {Black is clearly winning.} Kd7 53. a7 Ne6 54. Rh8 Nc7 55. Rf8 Rxa7 56. Rxf5 Ke6 57. Rh5 Ra2 {Accuracy: White = 50%, Black = 77%.} 0-1

[Event "GER-ch Women 2020"]
[Site "Magdeburg"]
[Date "2020.08.21"]
[Round "8.4"]
[White "Kopylov, Luba"]
[Black "Bashylina, Luisa"]
[Result "1-0"]
[WhiteElo "2027"]
[BlackElo "1975"]
[Annotator "TA"]
[PlyCount "81"]
[EventDate "2020.08.16"]
[EventType "swiss"]
[EventCountry "GER"]
[SourceTitle "playchess.com"]
[Source "ChessBase"]
[SourceQuality "1"]

{[%evp 13,81,36,20,-82,33,-12,97,96,108,97,93,80,159,72,79,79,83,77,89,86,194,194,194,189,204,190,213,200,380,0,215,201,185,208,365,237,218,188,204,204,329,332,310,309,305,320,370,374,372,368,327,201,181,181,488,472,397,158,308,286,364,342,770,409,1846,1713,5887,6211,2497,2167]} 1. d4 Nf6 2. c4 g6 3. Nc3 Bg7 4. e4 d6 5. f3 O-O 6. Be3 c5 {is cutting edge theory.} 7. Nge2 Nc6 8. g4 {[#] E81: King's Indian: Sämisch: 6th move deviations (including 6 Be3 c6).} (8. Qd2 $11) 8... Na5 $146 ({Black should try} 8... Bxg4 $17 9. fxg4 Nxg4) ({Predecessor:} 8... Bxg4 9. fxg4 Nxg4 10. Bg1 cxd4 11. h3 dxc3 12. hxg4 cxb2 13. Rb1 Qa5+ 14. Kf2 Qc5+ 15. Kg2 Qxc4 {0-1 (37) Pajzer,I (2051)-Marjanusic,V (2193) Palic 2016}) 9. Ng3 Be6 (9... cxd4 $11 10. Bxd4 Nc6) 10. d5 $16 {White is better.} Bd7 11. Qd2 a6 12. h4 e5 (12... Qb6 $142) 13. Bg5 (13. Rb1 $142) 13... b5 14. h5 Nxc4 15. Bxc4 bxc4 16. O-O-O a5 (16... Qe7 $16) 17. Rh2 $18 {[%mdl 1024] White has strong compensation.} a4 {Black wants to play ...a3.} 18. a3 $1 Rb8 19. Rdh1 Qb6 20. Nd1 Qb3 $2 {[#]} (20... Qd8 21. hxg6 fxg6) 21. Nc3 $2 (21. Bxf6 $1 $18 Bxf6 22. hxg6 Qxf3 23. Rxh7) 21... Rb7 $2 {[#]} (21... Qb6 $1 $11 {and Black stays safe.}) 22. Bh6 $1 {[%cal Rh6g7]} Qxb2+ 23. Qxb2 Rxb2 $2 (23... Bxh6+ 24. Kd1 Rxb2 25. Rxb2 Be3) 24. Rxb2 Bxh6+ 25. Kb1 Be3 26. Rb6 Bd4 (26... Ne8 {was worth a try.} 27. Nd1 Bd4) 27. Kc2 (27. Rxd6 Bxc3 28. Rxf6 Rb8+ 29. Kc2 Bd4 $14) 27... Ne8 28. Rhb1 Bf2 29. Nf1 f5 30. gxf5 gxf5 31. Nd2 fxe4 32. fxe4 Bg4 33. h6 ({Don't take} 33. Nxa4 $6 Bd4 $11) 33... Bh3 $2 (33... Be3 {is more resistant.}) 34. Nxc4 Bd4 {intending ...Rf2+.} 35. Nd1 $2 (35. Rb8 $18) 35... Bg2 (35... Bf1 $16 {is a better defense.} 36. Nxd6 c4 37. Nxe8 Bd3+ 38. Kd2 Bxb1 39. Rxb1 Rxe8) 36. Nd2 c4 37. Rb8 {Black must now prevent R1b7.} Bc5 $2 (37... Nf6 38. Nc3 Rxb8 39. Rxb8+ Kf7 40. Rb7+ (40. Nxa4 Ng4 $16) 40... Kf8) 38. Nc3 Bxa3 (38... Nf6 $142 39. R1b7 (39. Nxc4 Bxe4+ 40. Nxe4 Nxe4 $16) 39... Rxb8 40. Rxb8+ Kf7 41. Rb7+ (41. Nxc4 Kg6 $16) 41... Ke8) 39. Rg1 {White is clearly winning.} Rf2 40. Rxe8+ Kf7 41. Rh8 {Accuracy: White = 63%, Black = 33%.} 1-0

[Event "GER-ch Women 2020"]
[Site "Magdeburg"]
[Date "2020.08.21"]
[Round "8.5"]
[White "Butenandt, Svenja"]
[Black "Rogozenco, Teodora"]
[Result "1/2-1/2"]
[WhiteElo "1879"]
[BlackElo "1979"]
[Annotator "TA"]
[PlyCount "61"]
[EventDate "2020.08.16"]
[EventType "swiss"]
[EventCountry "GER"]
[SourceTitle "playchess.com"]
[Source "ChessBase"]
[SourceQuality "1"]

{[%evp 16,61,2,-4,25,15,21,16,31,0,0,0,-13,-46,0,0,0,-74,-74,-140,-145,-133,-141,-131,-80,-49,-64,-168,-120,-127,-99,-112,-48,-24,0,0,0,0,0,0,0,0,0,0,0,0,0,0]} 1. d4 Nf6 2. c4 e6 3. Nc3 Bb4 4. e3 b6 5. Nge2 Ba6 6. a3 Bxc3+ 7. Nxc3 d5 8. b3 {8.Qf3 is vanishing.} O-O 9. Bd3 Nc6 {E45: Nimzo-Indian: Rubinstein: 4...b6 5 Ne2 Ba6.} 10. cxd5 Bxd3 $1 {[#]} ({Avoid the trap} 10... Nxd5 $2 11. Bxa6 Nxc3 12. Qc2 $18) 11. dxc6 $146 ({Predecessor:} 11. Qxd3 exd5 12. O-O Re8 13. Ne2 Qd7 14. Ra2 Nd8 15. Rc2 Ne6 16. Bb2 c5 17. Qd1 {0-1 (44) Kitte,S (2305)-Becker,M (2430) Germany 1998}) 11... Ba6 12. b4 {Black should prevent b5.} Bc4 13. e4 b5 14. Bg5 {[#] Threatens to win with e5.} Qd6 15. Bxf6 gxf6 16. Rc1 (16. Qf3 $1 $11) 16... a5 $17 17. Rb1 (17. Qf3 $142) 17... axb4 18. axb4 Ra3 19. Qd2 Qxc6 (19... Rd8 $142 20. h4 Qxc6) 20. f3 Rfa8 21. h4 ({Better is} 21. Kf2 $15) 21... Ra2 22. Nxa2 Rxa2 23. Qe3 Qd6 ({Black should try} 23... Qa6 $17 {...Qa4 is the strong threat.} 24. Rf1 Ra1 {[%mdl 64] Decoy}) 24. e5 $15 Qc6 25. exf6 {The position is equal.} Re2+ 26. Qxe2 $1 Bxe2 27. Kxe2 Qc2+ 28. Ke3 Qc3+ 29. Ke4 Qc2+ 30. Ke3 Qc3+ 31. Ke4 {Accuracy: White = 68%, Black = 69%.} 1/2-1/2